00519nam a2200157Ia 4500008004100000020001300041082001200054100002300066245010500089250000700194260004100201300002900242500001900271600002100290650005000311240925s9999 xx 000 0 und d a74634739 a004 TUC aTucker, Allen .B 0aFundamentals of Computing I: Lab Manual: C++ Edition: Logic, Problem-solving, Programs and Computers aNA aNew Delhi:bTata McGraw Hillc,1994. axxii,688p.bNAfOriginal aIncludes Index aComputer Science aComputer science, information & general works